000 00427nam a2200181Ia 4500
001 2134
005 20260306143820.0
008 260306t2019||||xx |||||||||||||| ||spa||
041 _aESP
082 _a614.1
_bM26
100 _aMartínez Menéndez, Ramiro
_eAUT
245 0 _aMedicina forense:
_bactual
260 _c2019
300 _a408 páginas :
_c26 cm.
650 _aGEN
654 _aCCS
942 _cLIB
_dJUS
_fJUS
_2ddc
_n
999 _c2134
_d2134